MDQL
is popping MORE tags! Check the
thread
!
Quizzes
Events
Quiz Creation
Community
Videos
Private Events
Remove Ads
Sign In
Join for FREE
Feedback
Dark Mode
Quiz Categories
Sports
Geography
Music
Movies
Television
Just For Fun
Miscellaneous
History
Literature
Language
Science
Gaming
Entertainment
Religion
Holiday
For Kids
Quiz Lab
Recent
Popular Today
Quiz Kudos Today
Editor Picks
Curator Picks
Quizzes by...
Day
Popularity
Type
Ratings
Length
Year
Community
Subscriptions
Recent Discussions
Orange Saloon
Badges
Playlists
Quests
Create
Leaderboards
Showdown
Live 5
Trivia Bingo
Activity
Puzzle Library
Sporcle Events
Private Events
Virtual Trivia
Globe League
Become a Host
Pub Owners
SporcleCon
Opinionation
Our Games
Videos
Blog
Mobile Apps
Partnerships
Remove Ads and Go Orange
Feedback
Gaming
Video Games
Board Games
Card Games
Pokémon
Mario
Nintendo
Minecraft
Console
Toys
Legend of Zelda
Gaming
Video Games
Board Games
Card Games
Pokémon
Mario
Nintendo
Minecraft
Console
Toys
Legend of Zelda
Random Quiz
Search Sporcle
×
Quiz Lab
Quiz Lab
Gaming
Pokémon
Type in answers that appear in a list
Type in answers that appear in a list
Classic
Best Score? Go Orange.
Pokémon: Fire-type Species Stats
Can you name all the Fire-type Pokémon?
By
rodriguesraony
10m
69 Questions
86 Plays
86 Plays
86 Plays
Comments
Comments
Give Quiz Kudos
Give Quiz Kudos
-
- Ratings
hide this ad
More Info
Replay
Link that replays current quiz
Next Quiz
Link to next quiz in quiz playlist
You Got
0%
They Got
Avg Score
85%
Avg Friend Score
Upgrade to see
Score Distribution
Jump to the score distribution portion of the page
Score
0/69
Timer
10:00
0
Plays Today
Gen
Species
% Correct
Gen I
Charmander
95.3%
Gen I
Charizard
92.9%
Gen I
Charmeleon
91.8%
Gen I
Moltres
91.8%
Gen II
Cyndaquil
90.6%
Gen II
Quilava
90.6%
Gen III
Primal Groudon
90.6%
Gen I
Growlithe
89.4%
Gen I
Arcanine
89.4%
Gen II
Typhlosion
89.4%
Gen II
Houndour
89.4%
Gen II
Houndoom
89.4%
Gen II
Ho-Oh
89.4%
Gen III
Torchic
89.4%
Gen III
Combusken
89.4%
Gen V
Tepig
89.4%
Gen V
Pignite
89.4%
Gen V
Emboar
89.4%
Gen I
Rapidash
88.2%
Gen III
Blaziken
88.2%
Gen IV
Monferno
88.2%
Gen IV
Infernape
88.2%
Gen V
Litwick
88.2%
Gen V
Lampent
88.2%
Gen V
Chandelure
88.2%
Gen I
Alolan Marowak
88.2%
Gen I
Vulpix
87.1%
Gen I
Ponyta
87.1%
Gen II
Entei
87.1%
Gen III
Numel
87.1%
Gen III
Camerupt
87.1%
Gen IV
Chimchar
87.1%
Gen VII
Litten
87.1%
Gen IV
Arceus
87.1%
Gen I
Ninetales
85.9%
Gen
Species
% Correct
Gen V
Victini
85.9%
Gen V
Volcarona
85.9%
Gen I
Magmar
84.7%
Gen II
Slugma
84.7%
Gen II
Magcargo
84.7%
Gen IV
Heatran
84.7%
Gen V
Larvesta
84.7%
Gen V
Reshiram
84.7%
Gen VI
Fennekin
84.7%
Gen VII
Incineroar
84.7%
Gen VII
Torracat
84.7%
Gen II
Magby
83.5%
Gen VI
Braixen
83.5%
Gen VI
Delphox
83.5%
Gen VI
Talonflame
83.5%
Gen I
Flareon
82.4%
Gen III
Torkoal
82.4%
Gen IV
Magmortar
82.4%
Gen VI
Fletchinder
82.4%
Gen VI
Volcanion
82.4%
Gen V
Heatmor
81.2%
Gen VII
Salandit
80%
Gen IV
Heat Rotom
80%
Gen VII
Salazzle
80%
Gen VI
Litleo
78.8%
Gen VI
Pyroar
78.8%
Gen III
Sunny Castform
78.8%
Gen VII
Turtonator
76.5%
Gen V
Pansear
75.3%
Gen V
Simisear
75.3%
Gen VII
Silvally
75.3%
Gen V
Darmanitan (Standard Mode)
72.9%
Gen V
Darumaka
71.8%
Gen VII
Oricorio (Baile Style)
69.4%
Quiz Playlist
Details
Report
Send in Message
Add To Playlist
More Info:
Test your Pokémon knowledge! In this quiz you can try to guess all Fire-type Pokémon!
Classic:
Type in answers that appear in a list
Last Updated: Feb 16, 2017
Quiz Scoreboard
CHALLENGE
Sign Up to Join the Scoreboard
Show All
Scores
Hide
Comments
May contain spoilers
Recently Published
Two Season TV Shows II
by 123Four
Television
10m
Image Sorting: Flags VI
by Barbecue
Geography
2m
Find the 'City' Movie
by crazypaving
Movies
60s
More to Explore
Quiz From the Vault
Featured Blog Post
14 Easter Pick-up Lines to Find Eggs With
hide this ad
You Might Also Like...
Tags
Pokémon Quiz
fire
Fire Pokémon
gen
species
Today's Top Quizzes in Gaming
Browse Gaming
hide this ad
Today's Top Quizzes in Pokémon
Browse Pokémon
Top Contributed Quizzes in Gaming
1
League of Legends Pro Players by Career/Team History
2
Destiny 2 exotic weapons by perk icons
3
Genshin Impact Logic Puzzle
4
Genshin murder mystery
5
Dead By Daylight Logic Puzzle
6
4x4 Decades: Video Games
7
Ultimate Genshin Impact Logic Puzzle (up to 4.3)
8
Overwatch Logic Puzzle
9
Who's on the WWE 2K24 Cover?
10
Overwatch 2: Ultimate Ability Icons
Explore More
Trending Topics
Anime
Crossword
Kpop
NBA
Marvel
Harry Potter
Disney
The Office
Country
Soccer
Song
Pokémon
WWE
NFL
Puzzle
hide this ad
More By:
rodriguesraony
Quiz
Plays
Rating
Category
Featured
Created
Pokémon: Fire-type Moves
991
Gaming
Sep 15, 2016
Pokémon: Dragon-type Moves
949
Gaming
Sep 15, 2016
Pokémon: Water-type Moves
928
Gaming
Sep 15, 2016
Pokémon: Grass-type Moves
884
5.00
Gaming
Sep 15, 2016
Pokémon: Ghost-type Moves
878
2.75
Gaming
Sep 15, 2016
Go to Creator's Profile
Score Distribution
Quiz Creator Spotlight
rodriguesraony
Follow
Send a Message
Quizzes Created
-
Created Quiz Play Count
-
More By This Creator
Popular Quizzes Today
1
Colored Red Africa Blitz
2
Find the US States - No Outlines Minefield
3
Find the 'City' Movie
4
5x2 Blitz: Bands
5
The Countries of the World
6
Find the US States
7
Find the Countries of Europe - No Outlines Minefield
8
US States
More Gaming Quizzes
DBZ Dokkan Battle: Giant Form Category
Quiz Lab
Trending Quizzes
Colored Red Europe Blitz I
Colored Red Africa Blitz II
Colored Red Europe Blitz II
Colored Red Africa Blitz III
Colored Red Europe Blitz III
Recently Updated
How Do You Spell That?
pecheneg
Godzilla Movies
pecheneg
Grab Bag: 4-10 Letters
pecheneg
2024 March Madness Bracket
pecheneg
Famous TV Couples
Peacemaker
Champions League XIs: Real Madrid
pecheneg
Largest US Cities 1790-2010
pecheneg
Rides in Walt Disney World
pecheneg
Most Oscar Losses (Acting)
pecheneg
Beyoncé Albums
pecheneg
Trending Topics
Anime
Marvel
NBA
Disney
Kpop
Harry Potter
Crossword
Puzzle
Pokémon
WWE
The Office
Song
Soccer
NFL
Country
Your Account Isn't Verified!
In order to create a playlist on Sporcle, you need to verify the email address you used during registration. Go to your
Sporcle Settings
to finish the process.
Report this User
Report this user for behavior that violates our
Community Guidelines
.
Details:
Send Report
Go to the Sporcle.com Mobile Site →
Comments